00717nam a2200193 a 450000100100000000500170001000800410002704000250006808200160009310000330010924500780014226000360022030000280025650000630028450400360034704900090038395201140039299900170050600001427820210326154637.0091209s1978 dr a 000 0 spa d aDO-SdBNPbspacBNPHU axxxxbP762p aPolanco Brito, Hugo E.9792410aPeregrinación dominicana :bRoma-Tierra Santa /cHugo E. Polanco Brito. aSanto Domingo :bTele-3,c1978. a94 p. :bils. ;c21 cm. aIncluye datos biográficos del autor en la contracubierta aIncluye bibliografías (p. 91) aBNPD 0010718PDaPDbPDcCTd2009-12-09iLF1l0oxxxx P762pp14278-10r2020-06-25w2020-06-25yLFPDZNo se presta c13874d13874